000 00714nam a2200265 4500
001 1994
010 _a9789895626526
021 _aPT
_b545255/25
090 _a1994
100 _a20251121d2025 m||y0pory50030103ba
101 _apor
102 _aPT
200 _aCom alguma sorte
_fMarissa Meyer
_gtrad. Elga Fontes
205 _a1ª edição
210 _a[S.l.]
_cKathartika
_d2025
215 _a366 p.
_cil.
_d23 cm
300 _aBMB-Registado
304 _aTít. orig.: With a little luck
606 _9795
_aLiteratura Americana
606 _9779
_aRomance
675 _a821.111(73)-31
_vBMB
_zpor
700 _aMeyer
_bMarissa
_f1984-
_92869
702 _aFontes
_bElga
_4730
_92664
801 _aPT
_bBMB
_gRPC
990 _cLIVROS